Music Quiz

Random Music or Clickable Quiz

Clicky-oke: Time Is On My Side by The Rolling Stones Quiz Stats

 Plays Quiz not verified by Sporcle

Score 0/31 Timer 05:00
0 Plays Today
% Correct
yes it is
72.3%
That you want to be free
66%
yes it is
66%
yes it is
57.4%
yes it is
51.1%
yes it is
44.7%
to me
42.6%
But just wait and see
42.6%
yes it is
42.6%
The kind that you need
42.6%
is on my side
42.6%
to me
40.4%
is on my side, yes it is
40.4%
your heart desires
38.3%
Yeah, knocking right on my door
38.3%
is on my side, yes it is
36.2%
% Correct
and light up the town
31.9%
is on my side, yes it is
31.9%
is on my side
31.9%
is on my side, yes it is
29.8%
(I said you would, baby)
27.7%
so many times before
25.5%
(I said you would baby)
21.3%
yes!
19.1%
(I said so many times before)
17%
(I won't have to worry no more)
12.8%
(I don't always said you would)
10.6%
And I know, I know
8.5%
Cause I know
8.5%
(spend the rest of my life with you, baby)
6.4%
(I won't have to worry no more)
6.4%

You're not logged in!

Compare scores with friends on all Sporcle quizzes.
OR
Log In

Show Comments

Extras

Top Quizzes Today


Score Distribution

Your Account Isn't Verified!

In order to create a playlist on Sporcle, you need to verify the email address you used during registration. Go to your Sporcle Settings to finish the process.

Report this User

Report this user for behavior that violates our Community Guidelines.

Details: